[Event "Olympiad-31"]
[Site "Moscow"]
[Date "1994.12.01"]
[Round "1.2"]
[White "Adams, Michael"]
[Black "Tomorhuyag, Nyamaa"]
[Result "1-0"]
[WhiteElo "2640"]
[BlackElo "2305"]
[Annotator "Gagarin,V"]
[PlyCount "57"]
[EventDate "1994.12.01"]
[EventType "team-swiss"]
[EventRounds "14"]
[EventCountry "RUS"]
[SourceTitle "CBM 045"]
[Source "ChessBase"]
[SourceDate "1995.04.01"]
[SourceVersion "1"]
[SourceVersionDate "1995.04.01"]
[SourceQuality "1"]
[WhiteTeam "England"]
[BlackTeam "Mongolia"]
[WhiteTeamCountry "ENG"]
[BlackTeamCountry "MGL"]

1. e4 {Fritz3} e5 2. Nf3 Nc6 3. Bb5 a6 4. Ba4 Nf6 5. O-O b5 6. Bb3 Bb7 7. d3 {
Adams adopted this quit system after he had watched in Linares the game
Short-Kamsky/PCA Wch-Qual2 Linares /1994/0-1/ CBM 43} (7. Re1 Bc5 8. c3 d6 9.
d4 Bb6 {Short-Kamsky}) 7... Bc5 8. a4 O-O 9. Nc3 $5 (9. Bg5 h6 10. Bh4 (10.
Bxf6 Qxf6 11. axb5 axb5 12. Rxa8 Bxa8 13. Nc3 $10) 10... d6 11. Nc3 (11. axb5
axb5 12. Rxa8 Bxa8 13. Bxf6 Qxf6 14. Nc3 Na5 $5 $13 {Ubilava/}) 11... g5 $1 12.
Bg3 b4 13. Nd5 Na5 14. Nxf6+ Qxf6 15. Ba2 (15. Nd2 $142 {/\ Kh1,f3,Bf2 Dorfman/
}) 15... b3 $1 16. Bxb3 Nxb3 17. cxb3 Qe6 $15 {>< Bg3 Anand,V-Kamsky,G (07)/
Fide cm Sanghi Nagar/1994/0:1/67/}) (9. axb5 axb5 10. Rxa8 Bxa8 11. Nc3 $10)
9... b4 (9... Nd4 $5 10. Nxe5 Nxb3 11. cxb3 {Mokry,K-Braga,F/Reggio Emilia/
1991/1:0/61/} b4 12. Ne2 d5 13. d4 $14 {Mokry/}) 10. Ne2 $5 (10. Nd5 Na5 (10...
h6 $14) 11. Bg5 $1 (11. Nxe5 $2 Nxb3 12. Nxf6+ Qxf6 $8 13. Ng4 Qg6 14. cxb3 f5
$13) 11... Bxd5 (11... Nxb3 12. Bxf6 gxf6 13. cxb3 $16 {/\ Nh4/}) (11... Be7
12. Bxf6 Bxf6 13. Nxb4 $16) 12. Bxd5 c6 13. Ba2 $14 {Mokry/}) 10... d5 11. exd5
Nxd5 (11... Na5 $142 $1) 12. a5 $1 $14 (12. Bg5 Qd7 13. a5 Rae8 14. Qd2 Nd4 $10
) 12... Kh8 $6 (12... Qd7 $1 13. Bg5 (13. c3 $5 $14) 13... h6 14. Bh4 Rae8 15.
Re1 $14) 13. c3 Be7 14. Bc4 Qd7 15. Re1 Rfd8 $2 (15... Rad8 16. Bd2 Bc5 17. Qb3
Qd6 18. Ng3 f5 19. Bg5 $14) 16. Bd2 Rab8 17. Ng3 f6 18. h4 $1 {->>>/} Bf8 19.
h5 Nce7 $6 (19... Na7 $5 20. Ne4 (20. d4 $5 $36) 20... bxc3 21. bxc3 Nb5 22.
Qe2 Be7 23. Rab1 $14) 20. d4 $1 $14 Nf5 $6 (20... exd4 21. Nxd4 $14 {>< e6/})
21. Nxf5 Qxf5 22. Nh4 Qd7 23. Ng6+ $1 hxg6 $5 (23... Kg8 $6 24. Nxf8 Qc6 25.
Ne6 Qxe6 26. dxe5 fxe5 27. Bg5 $14) 24. hxg6 Bd6 (24... Qf5 $142 $1 {Fritz3}
25. Bd3 Nxc3 $1 26. bxc3 e4 $13) 25. Qh5+ $18 Kg8 26. dxe5 $1 (26. Qh7+ Kf8 27.
Qh8+ Ke7 28. Qxg7+ Ke8) 26... Bxe5 (26... fxe5 27. Qh7+ Kf8 28. Qh8+ Ke7 29.
Bg5+ Ke6 30. Qh3#) 27. Rxe5 $1 fxe5 28. Bg5 $1 Qe6 29. Be7 $3 (29. Qh7+ Kf8 30.
Qh8+ Qg8) 1-0

[Event "YUG-chT"]
[Site "Tivat"]
[Date "1995.??.??"]
[Round "3"]
[White "Sokolov, Andrei"]
[Black "Zvjaginsev, Vadim"]
[Result "1/2-1/2"]
[WhiteElo "2585"]
[BlackElo "2600"]
[Annotator "Gagarin,V"]
[PlyCount "40"]
[EventDate "1995.??.??"]
[EventType "team-swiss"]
[EventRounds "11"]
[EventCountry "YUG"]
[SourceTitle "CBM 048 Extra"]
[Source "ChessBase"]
[SourceDate "1995.11.01"]
[SourceVersion "1"]
[SourceVersionDate "1995.11.01"]
[SourceQuality "1"]

1. e4 e5 2. Nf3 Nc6 3. Bb5 a6 4. Ba4 Nf6 5. O-O b5 6. Bb3 Bc5 $5 7. c3 (7. Nxe5
Nxe5 8. d4 Bxd4 $1 9. Qxd4 d6 $14) (7. a4 Bb7 8. d3 $14) 7... d6 8. d4 (8. a4
$5) (8. Re1) 8... Bb6 $1 (8... exd4 $6 9. cxd4 $16) 9. dxe5 (9. h3 Bb7 10. Re1
O-O 11. a4 h6 12. d5 Ne7 13. axb5 axb5 14. Rxa8 Bxa8 15. Na3 c6 16. dxc6 Bxc6
17. Bc2 Ng6 18. Bd3 Qd7 $15 {Adams,M-Onischuk,A/Wijk aan Zee/1995/0:1/31/}) (9.
Bg5 h6 10. Bh4 g5 11. Bg3 Bg4 (11... O-O $5) 12. dxe5 Nxe5 13. Nbd2 Nfd7 14.
Bd5 Rb8 15. h3 Bh5 16. Bxe5 Nxe5 17. g4 Bg6 18. Nxe5 dxe5 19. Qf3 h5 $1 $15 {
Bologan,V-Tkachiev,V/Tilburg/1994/0,5/30/}) (9. Be3 Bg4 10. dxe5 dxe5 $1 11.
Bxb6 cxb6 12. Nbd2 O-O $10 {Popovic,P-Onicshuk,A/Moscow(ol)/1994/0,5/32/}) 9...
Nxe5 (9... dxe5 10. Qxd8+ Nxd8 11. Nxe5 Bb7 12. Bg5 Nxe4 13. Bxd8 Rxd8 14. Nxf7
Rf8 15. Nxd8 Kxd8 $44 {Karaklajic,N-Rellstab,L/Bled/1956/0,5/20/}) 10. Nxe5
dxe5 11. Qxd8+ Kxd8 12. Nd2 $146 (12. Bxf7 Rf8 13. Bd5 (13. Bb3 Nxe4 14. Be3
Bxe3 $15) 13... Nxd5 14. exd5 Bb7 15. Be3 Bxe3 16. fxe3 Rxf1+ 17. Kxf1 Bxd5 18.
Nd2 Ke7 $10 {DeFirmian,N-Tkachiev,V/Biel/1995/0,5/23/}) (12. Bg5 Ke7 13. Bd5
Rb8 14. Na3 {Diaz,Z-Abdullah,M/Moscow(ol)/1994/1:0/24/} Be6 15. Rfd1 Rhd8 $10 {
Adams/}) 12... Ke7 13. Nf3 Nd7 (13... Be6 14. Nxe5 Bxb3 15. axb3 Nxe4 16. Bf4
g5 $5 17. Rae1 f5 18. Be3 Bxe3 19. Rxe3 Ke6 (19... Kf6 20. Nc6 $14) 20. Nf3 $14
) 14. Bd5 Rb8 15. b3 (15. Rd1 $5 Rd8 (15... f6 16. Nh4 g6 17. Bh6 $14) (15...
Bb7 $6 16. Bxf7 $14) 16. a4 (16. Bxf7 $2 Kxf7 17. Nxe5+ Ke6 18. Nc6 Rf8 19.
Nxb8 Bxf2+ 20. Kh1 Nxb8 $17) 16... Bb7 17. Bxb7 Rxb7 18. axb5 axb5 19. b3 Nc5
$1 $10) 15... f6 16. Ba3+ Bc5 17. Bb4 Bd6 (17... Bxb4 18. cxb4 Nb6 19. Bc6 (19.
Rac1 $6 Nxd5 20. exd5 Rb7 $15 {/\ Rd8/}) 19... Bg4 $14) 18. Ne1 (18. Rfd1 Nb6
19. Bc6 Be6 20. Rac1 Rbd8 $10) 18... Nb6 (18... c5 $6 19. Ba5 Nb6 20. Bxb6 Rxb6
21. Nc2 $14 {>< d5/}) 19. Nc2 Nxd5 (19... c5 $5 20. Ba5 Nxd5 21. exd5 Bf5 22.
Ne3 Bd3 23. Rfe1 c4 $15) 20. exd5 Bd7 (20... Bd7 21. Rfe1 $10) 1/2-1/2

[Event "Corus"]
[Site "Wijk aan Zee"]
[Date "2006.01.28"]
[Round "12"]
[White "Topalov, Veselin"]
[Black "Anand, Viswanathan"]
[Result "1/2-1/2"]
[WhiteElo "2801"]
[BlackElo "2792"]
[Annotator "Gershon,A"]
[PlyCount "45"]
[EventDate "2006.01.14"]
[EventType "tourn"]
[EventRounds "13"]
[EventCountry "NED"]
[EventCategory "19"]
[SourceTitle "CBM 111"]
[Source "ChessBase"]
[SourceDate "2006.04.04"]
[SourceVersion "1"]
[SourceVersionDate "2006.04.04"]
[SourceQuality "1"]

1. e4 e5 2. Nf3 Nc6 3. Bb5 a6 4. Ba4 Nf6 5. O-O b5 6. Bb3 Bc5 7. a4 Rb8 8. c3
O-O 9. d4 Bb6 10. axb5 axb5 11. dxe5 Ng4 12. Na3 ({A game between Svidler 
(White) and Khalifman, which took place in the Russian superfinal less than a
month ago continued:} 12. Bf4 Qe8 $1 13. Nd4 Ngxe5 14. Nxb5 d6 15. Ba4 Bg4 16.
Qc2 f5 $1 17. Nd2 Qg6 {and White failed to equalize. Black has a very strong
attack here.}) 12... Ncxe5 {A strong novelty from Anand's lab. The point will
be seen on the next move.} ({In a previous game in the very same event,
Sokolov tried to copy Khalif's idea with:} 12... Qe8 13. Nd4 Ngxe5 14. Naxb5 d6
15. Ba4 {and here a slight difference in the knight's position (d4 vs d2)
became evident - Black cannot play f5. After} Bd7 16. b3 Ne7 17. Kh1 d5 18. f4
$1 Ng4 19. e5 f6 20. h3 Nxe5 21. fxe5 fxe5 22. Rxf8+ Qxf8 23. Nf3 {Topalov
cashed in on the advantage with ease. 1-0 Topalov,V (2801)-Sokolov,I (2689)/
Wijk aan Zee NED 2006 (37)}) 13. h3 d6 $1 {This is already becoming a
tradition - it crucial games, when he has to beat Topalov, Anand just
sacrifices pieces. The previous time, in San Luis, it ended in a perpetual,
and here the World Champion doesn't even accept the 'gift'.} 14. Qe2 $1 {
A very good practical decision. White of course, doesn't want to repeat Adams'
'achievement' from the game in San Luis, and check the quality of Anand's home
prep. Now the game ends up in a draw fairly easily.} ({After} 14. hxg4 Bxg4 {
the arisen position is dangerous for White only. Here are a few lines to
emphasize the dangers: My good old buddy - fritzie - and me, managed to
reproduce Anand's analysis, and it looks like that (ours, not his):} 15. Nc2 (
15. Bf4 Bxf3 16. gxf3 Qh4 17. Bxe5 dxe5 {Threatening Rd8-d6-g6.} 18. Qd7 Qg3+
19. Kh1 Qxf3+ 20. Kh2 Qf4+ 21. Kh1 Qxe4+ 22. Kh2 Qf4+ {etc.}) 15... Bxf3 16.
gxf3 Qf6 ({But not} 16... Qh4 $2 17. Kg2) 17. Ne1 (17. Kg2 Qg6+ {And Black has
at least a draw.}) 17... Qg6+ {Here the silicone comes up with a brilliant:}
18. Kh2 $1 Qh5+ 19. Kg2 $1 Qg6+ 20. Kh3 Qh5+ 21. Kg3 Qg6+ 22. Kh4 $3 {A brief
glance will be enough for a human to never even consider to go into such a
position, especially not against an opponent that prepared the whole line at
home, and whose name is Anand. Black, by the way, has no direct win here (we
didn't find any in any case), but Black can simply improve his position, and a
king on h4 is more than sufficient compensation for a piece. The game could
have gone like this:} Rbe8 23. Bf4 Kh8 $1 24. Bc2 Re6 {and White is going to
pay for his excessive apetite.}) 14... Nxf3+ 15. Qxf3 Ne5 16. Qg3 {Using the
strong sacrifice Black managed to solve all his positional problems, making it
virtually impossible to refrain from using the cliche: "Tactics on a service
of strategy"} Be6 {Now massive piece exchanges follow, resulting in a quick
draw.} 17. Bxe6 fxe6 18. Nxb5 Rxf2 19. Rxf2 Bxf2+ 20. Qxf2 Rxb5 21. Qe2 Rb8 22.
Bf4 Qf6 23. Rf1 1/2-1/2

[Event "BCF-ch playoff"]
[Site "Hove"]
[Date "1997.08.15"]
[Round "1"]
[White "Adams, Michael"]
[Black "Emms, John M"]
[Result "1/2-1/2"]
[WhiteElo "2680"]
[BlackElo "2530"]
[Annotator "Hecht,H"]
[PlyCount "95"]
[EventDate "1997.08.15"]
[EventType "tourn"]
[EventRounds "3"]
[EventCountry "ENG"]
[EventCategory "15"]
[SourceTitle "CBM 061"]
[Source "ChessBase"]
[SourceDate "1997.11.23"]
[SourceVersion "1"]
[SourceVersionDate "1997.11.23"]
[SourceQuality "1"]

1. e4 e5 2. Nf3 Nc6 3. Bb5 a6 4. Ba4 Nf6 5. O-O b5 6. Bb3 Bc5 7. a4 Bb7 8. d3
O-O 9. Nc3 b4 10. Nd5 Nxd5 11. Bxd5 d6 12. a5 Rb8 13. Be3 (13. c3 bxc3 (13...
Ne7 14. Bc4 Bc8 15. Be3 Ng6 16. d4 exd4 17. cxd4 Ba7 18. Qd3 Ra8 19. Bd5 Rb8
20. Rfc1 Ne7 21. Bc4 d5 22. exd5 Qd6 23. Qe4 f5 24. Qxe7 Qxe7 25. d6+ Qf7 26.
Bxf7+ Rxf7 27. Ne5 {1-0 Kaminski,M-Czerwonski,A/POL-ch 1996/CBM 53}) 14. bxc3
Ne7 15. Bc4 d5 (15... Ng6 16. Qe2 Ba7 17. Be3 Bxe3 18. fxe3 Ra8 19. Qa2 h6 20.
Rf2 Qd7 21. Nd2 Rad8 22. Rb1 Bc6 23. Bxa6 d5 24. exd5 Bxd5 25. c4 Be6 26. Rb3
Qc6 27. Bb7 Qc5 28. Nf1 Rd6 29. a6 Qa7 30. Qa5 e4 31. d4 Bxc4 32. Qxc7 Rxd4 33.
exd4 Bxb3 34. Qc5 Qb8 35. Rb2 Be6 36. a7 Qf4 37. Rf2 Qg4 38. Qxf8+ Nxf8 39.
a8=Q {1-0 Palac,M-Godena,M/Candas op 1996/EXP 51}) 16. exd5 Nxd5 17. Nxe5 Nxc3
18. Nxf7 Qh4 19. Qe1 Nd5 20. Qe4 Qh5 21. d4 Nb6 22. Nd6+ Nxc4 23. Nxb7 Bd6 24.
h3 Qf5 25. Qc6 Qd3 26. Nxd6 cxd6 27. Qxa6 Qxd4 {Short,N-Onischuk,A/Wijk 1995/
CBM 45/[Konikowski]/1/2-1/2 (77)}) 13... Bxe3 14. fxe3 Ne7 15. Bb3 Ng6 16. Qe1
Bc8 17. h4 Be6 18. Bxe6 fxe6 19. h5 Nh8 20. Qe2 Nf7 21. d4 Ng5 22. dxe5 Nxf3+
23. Rxf3 Rxf3 24. Qxf3 dxe5 25. Rd1 Qe7 26. h6 g6 27. Qe2 Qg5 28. Rd7 Qxh6 29.
Rxc7 Qh4 30. Qf3 Rf8 31. Qh3 Qxh3 32. gxh3 Rd8 33. Rc6 Rd2 34. b3 Kf7 35. Kf1
Kf6 36. Ke1 Rh2 37. Kd1 Rxh3 38. Rxa6 h5 39. Rb6 Rh1+ 40. Ke2 Ra1 41. Rxb4 Rxa5
42. Ra4 Rxa4 43. bxa4 {Two isolated passed pawns separated by a file tie up an
opposing king just as well as two connected passed pawns do. There is no
possibility of zugzwang, and the king cannot come to the support of its own
passed pawns ===> draw. Zwei durch eine Linie getrennte vereinzelte Freibauern
binden den gegnerischen König ebenso wie zwei verbundene Freibauern. Es liegt
kein Zugzwangfall vor, und es gibt keine Königsunterstützung der eigenen
Freibauern. ===> Remis} Ke7 44. a5 Kd6 45. c4 Kc6 46. Kf3 g5 47. Kg3 Kc5 (47...
Kb7 $6 48. c5 $1 Ka6 49. c6 Ka7 50. Kh3 Ka6 $11) 48. Kg2 1/2-1/2

[Event "Groningen (Women)"]
[Site "Groningen"]
[Date "1999.12.20"]
[Round "2"]
[White "Kovalevskaya, Ekaterina"]
[Black "Stefanova, Antoaneta"]
[Result "1-0"]
[WhiteElo "2497"]
[BlackElo "2444"]
[Annotator "Hecht,H"]
[PlyCount "122"]
[EventDate "1999.12.19"]
[EventType "tourn"]
[EventRounds "10"]
[EventCountry "NED"]
[EventCategory "8"]
[SourceTitle "CBM 075"]
[Source "ChessBase"]
[SourceDate "2000.04.05"]
[SourceVersion "1"]
[SourceVersionDate "2000.04.05"]
[SourceQuality "1"]

1. e4 e5 2. Nf3 Nc6 3. Bb5 a6 4. Ba4 Nf6 5. O-O b5 6. Bb3 Bc5 7. a4 Rb8 8. axb5
axb5 9. d3 O-O 10. Nc3 h6 11. Be3 d6 12. Bxc5 dxc5 13. h3 Qd6 14. Ne2 c4 15.
dxc4 bxc4 16. Ba4 Ne7 17. Nc3 Rxb2 18. Qc1 Rb6 19. Qe3 Ng6 20. Bb5 Nf4 21. Bxc4
Rc6 22. Ra4 N6h5 23. Nh4 Qf6 24. Nf5 Bxf5 25. exf5 Qxf5 26. Nd5 Qg5 27. Nxf4
Nxf4 28. Qg3 Rg6 29. Qxg5 Rxg5 30. g3 Ng6 31. Rd1 e4 32. Kh2 Rc5 33. Bb3 Ne5
34. Rxe4 Nf3+ 35. Kg2 Ng5 36. Re7 Rc3 37. h4 Nh7 38. Rdd7 c5 39. Bxf7+ Kh8 40.
Bg6 Nf6 41. Rc7 Nd5 42. Rf7 Rg8 43. Rcd7 Nb4 44. Rd2 Nc6 45. Rd5 Nd4 46. Rfd7
Rf8 47. Rd8 Ne6 48. Rxf8+ Nxf8 49. Rd8 {[#] Schwarz spielt ohne Springer und
König und wird systematisch umzingelt.} Kg8 50. h5 Ra3 51. Rc8 Ra5 52. g4 Ra6
53. f4 Ra4 (53... Ra3 54. Rxc5 Nxg6 55. hxg6 Kf8 56. Rc7 $18) 54. Kf3 Ra3+ 55.
Ke4 Ra4+ 56. Ke5 Ra1 57. Be4 Re1 (57... Kf7 58. Rc7+ Kg8 59. Bd5+ Kh7 60. Bf7
Ra6 61. f5 Rb6 62. Kd5 $18) 58. Kf5 Kf7 59. Rc7+ Kg8 (59... Ke8 60. Rxg7 Nd7
61. Bc6 $18) 60. Bd5+ Kh7 61. Bf7 c4 (61... c4 62. Rc8 g6+ 63. hxg6+ Kg7 64.
Rxf8 Kxf8 65. Kf6 $18) 1-0

[Event "Capablanca Memorial Elite 34th"]
[Site "Havana"]
[Date "1999.05.19"]
[Round "11"]
[White "Becerra Rivero, Julio"]
[Black "Godena, Michele"]
[Result "1-0"]
[WhiteElo "2535"]
[BlackElo "2552"]
[Annotator "Hecht,H"]
[PlyCount "77"]
[EventDate "1999.05.??"]
[EventType "tourn"]
[EventRounds "13"]
[EventCountry "CUB"]
[EventCategory "12"]
[SourceTitle "CBM 071"]
[Source "ChessBase"]
[SourceDate "1999.08.01"]
[SourceVersion "1"]
[SourceVersionDate "1999.08.01"]
[SourceQuality "1"]

1. e4 e5 2. Nf3 Nc6 3. Bb5 a6 4. Ba4 Nf6 5. O-O b5 6. Bb3 Bc5 7. d3 h6 8. a4
Rb8 9. axb5 axb5 10. c3 d6 11. d4 Bb6 12. h3 Bb7 13. Re1 O-O 14. Be3 exd4 15.
cxd4 Na5 16. d5 Nxb3 17. Qxb3 c6 18. dxc6 Bxc6 19. Nbd2 Re8 20. Qb4 Bc5 21.
Bxc5 dxc5 22. Qxc5 Bxe4 23. Nxe4 Nxe4 24. Qf5 Qf6 25. Qxf6 Nxf6 26. Rxe8+ Nxe8
{[#] Bei gleicher Bauernzahl steht Weiß etwas aktiver.} 27. Nd4 Nd6 28. Ra6 Rd8
29. b4 Ne4 30. Nxb5 Rd1+ 31. Kh2 Nxf2 32. Nd6 Rb1 33. b5 Nd3 34. h4 h5 35. Ra3
Ne5 36. Kg3 Rb4 37. Ra6 f6 38. b6 Kh7 39. b7 {Ist die Sache wirklich klar ?} (
39. b7 Nd7 40. Ra8 Rb6 41. Rd8 Rxd6 42. b8=Q (42. Rxd7 Rxd7 43. b8=Q Re7 {
[%cal Ye7e5]}) 42... Nxb8 43. Rxd6 Kg6 {[%cal Yg6f7,Yf7e7,Yb8d7]}) 1-0

[Event "Olympiad-34"]
[Site "Istanbul"]
[Date "2000.11.09"]
[Round "12.3"]
[White "Peng, Xiaomin"]
[Black "Hector, Jonny"]
[Result "0-1"]
[WhiteElo "2657"]
[BlackElo "2509"]
[Annotator "Hecht,H"]
[PlyCount "112"]
[EventDate "2000.10.28"]
[EventType "team-swiss"]
[EventRounds "14"]
[EventCountry "TUR"]
[SourceTitle "EXT 2001"]
[Source "ChessBase"]
[SourceDate "2000.11.22"]
[SourceVersion "1"]
[SourceVersionDate "2000.11.22"]
[SourceQuality "1"]
[WhiteTeam "China"]
[BlackTeam "Sweden"]
[WhiteTeamCountry "CHN"]
[BlackTeamCountry "SWE"]

1. e4 e5 2. Nf3 Nc6 3. Bb5 a6 4. Ba4 Nf6 5. O-O b5 6. Bb3 Bb7 7. d3 Bc5 8. a4
d6 9. Nc3 b4 10. Ne2 O-O 11. Ng3 Bc8 12. Bg5 Na5 13. Bd5 c6 14. Ba2 h6 15. Bh4
Bg4 16. Nf5 Bxf5 17. exf5 b3 18. Bxb3 Nxb3 19. cxb3 Rb8 20. Nd2 Bd4 21. Rc1 c5
22. Ne4 d5 23. Bxf6 gxf6 24. Nd2 Qd6 25. Rc2 Kh7 26. Qh5 Qd7 27. Rfc1 Rg8 28.
Nf3 Rxb3 29. Nxd4 exd4 30. Rxc5 Rg5 31. Qe2 Qxf5 32. Rc7 Rg7 33. Rc8 Rxd3 34.
Qe8 Qg4 35. Qh8+ Kg6 36. g3 Kh5 37. Rd8 Rg5 38. Qf8 Qf3 39. Qxf7+ Kg4 40. Qe6+
Rf5 41. Qe1 Re5 42. Qf1 Rd2 43. Rg8+ Rg5 44. Re8 Re5 45. Rg8+ Kf5 46. Qh3+ Ke4
47. Rg4+ Kd3 48. Rf4 Rd1+ 49. Rxd1+ Qxd1+ 50. Kg2 h5 {[#] Nach einer Jagd über
das halbe Brett ist eine brisante Situation entstanden. Kann sich der schwarze
König in vorderster Front behaupten, wird der d-Bauer zu einer ernsten Gefahr.}
51. Qc8 Ke2 $1 {[%cal Rd1f1]} 52. Qxa6+ d3 53. h4 Re4 $5 (53... Qf1+ 54. Kh2
Ke1 $1 $19 {[%csl Rf2][%cal Rd3d2,Re5e2]}) 54. Rxf6 (54. Rf5 Qf1+ 55. Kh2 Ke1
$1 {wäre erneut die beste Fortsetzung.} 56. Qxf6 d2 57. Qc3 d4 58. Qa5 Qd3 $19
{[%cal Re1e2]}) 54... Qxa4 55. Qxa4 (55. Qb6 d2 56. b3 Qd4 57. Qa6+ Qd3 58. Qa2
d4 59. Rf7 Ke1 60. Qa5 Qc3 61. Qf5 Re2 $19) 55... Rxa4 56. Rf5 d2 0-1

[Event "Tan Chin Nam Cup 4th"]
[Site "Beijing"]
[Date "1998.06.08"]
[Round "1"]
[White "Xie, Jun"]
[Black "Onischuk, Alexander"]
[Result "1-0"]
[WhiteElo "2485"]
[BlackElo "2610"]
[Annotator "Hecht,H"]
[PlyCount "119"]
[EventDate "1998.06.08"]
[EventType "tourn"]
[EventRounds "11"]
[EventCountry "CHN"]
[EventCategory "12"]
[SourceTitle "CBM 066"]
[Source "ChessBase"]
[SourceDate "1998.09.30"]
[SourceVersion "1"]
[SourceVersionDate "1998.09.30"]
[SourceQuality "1"]

1. e4 e5 2. Nf3 Nc6 3. Bb5 a6 4. Ba4 Nf6 5. O-O Bc5 6. d3 d6 7. h3 b5 8. Bb3
Na5 9. Nc3 Nxb3 10. axb3 Bb7 11. Be3 Bxe3 12. fxe3 O-O 13. Qe1 c5 14. Rd1 Qe7
15. Qg3 Kh8 16. Rd2 b4 17. Nd1 g6 18. Rdf2 Nh5 19. Qg4 Ng7 20. Qg5 f6 21. Qh6
Ne6 22. Nh2 Ng7 23. Qh4 Rf7 24. Ng4 f5 25. Qxe7 Rxe7 26. Nh6 Rf8 27. g4 Bc8 28.
gxf5 gxf5 29. exf5 Nh5 30. e4 d5 31. Kh2 dxe4 32. dxe4 Bb7 33. Re1 Rd7 34. Ne3
Nf6 35. Neg4 Nxe4 36. Rfe2 Ng5 37. Nxe5 Rd6 38. Rg1 Nf3+ 39. Nxf3 Rxh6 40. Ne5
Bc6 41. Rg5 Rhf6 42. Nxc6 Rxc6 43. Re6 Rfc8 44. Rxc6 Rxc6 {[#] Wieder fällt
die schlechte schwarze Königsstellung ins Auge. Der weiße König ist dagegen
gut zu Fuß und der f-Bauer eine große Gefahr.} 45. Kg3 c4 46. bxc4 Rxc4 47. f6
Rxc2 48. Kf4 Rxb2 49. Ke5 Rf2 (49... b3 50. f7 Re2+ 51. Kd6 Rd2+ 52. Kc7 Rc2+
53. Kb7 $18) 50. Ke6 {[%cal Rf6f7]} h6 51. Rg3 Re2+ 52. Kd6 Rd2+ 53. Ke7 Re2+
54. Kf8 {[#]} Rc2 {Schwarz sollte sofort die Bauern am Damenflügel ziehen. Die
Idee ist es , einen Bauern auf die zweite Reihe zu bekommen, auch wenn der
andere dabei verlorengeht. Was befürchtete Onischuk, und was habe ich
übersehen? Bitte Analyse!} (54... a5 $142 55. Rg8+ Kh7 56. Rg7+ Kh8 57. Rb7 (
57. Re7 Rf2 58. f7 b3 59. Re8 (59. Ke8 b2) 59... b2) 57... a4 $1) 55. Rg8+ Kh7
56. Rg7+ Kh8 57. Rb7 b3 (57... a5 $142 58. Rb5 Kh7) 58. Rxb3 Kh7 59. f7 Re2 60.
Rb8 {[%cal Rb8e8]} 1-0